Desarrollo y cambio (Registro nro. 23554)

Detalles MARC
000 -LEADER
campo de control de longitud fija 00745nam a2200229 i 4500
001 - NÚMERO DE CONTROL
campo de control 23554
003 - IDENTIFICADOR DE NÚMERO DE CONTROL
campo de control ES-MaACL
005 - FECHA Y HORA DE LA ÚLTIMA TRANSACCIÓN
campo de control 20230906152908.0
007 - CAMPO FIJO DE DESCRIPCIÓN FÍSICA--INFORMACIÓN GENERAL
campo de control de longitud fija t|
008 - DATOS DE LONGITUD FIJA--INFORMACIÓN GENERAL
campo de control de longitud fija 021211s1985 sp ||||1| spa d
020 ## - NÚMERO INTERNACIONAL ESTÁNDAR DEL LIBRO
Número Internacional Estándar del Libro 84-7509-363-9
100 1# - ENTRADA PRINCIPAL--NOMBRE DE PERSONA
Nombre de persona Allport, Gordon W.
9 (RLIN) 20055
245 10 - MENCIÓN DEL TÍTULO
Título Desarrollo y cambio
Resto del título : consideraciones básicas para una psicología de la personalidad /
Mención de responsabilidad, etc. G.W. Allport ; [traducción de N. Sito y M. Accinelli].
260 ## - PUBLICACIÓN, DISTRIBUCIÓN, ETC.
Lugar de publicación, distribución, etc. Barcelona, etc. :
Nombre del editor, distribuidor, etc. Paidós,
Fecha de publicación, distribución, etc. 1985.
300 ## - DESCRIPCIÓN FÍSICA
Extensión 127 p. ;
Dimensiones 20 cm.
490 1# - MENCIÓN DE SERIE
Mención de serie Paidós studio ;
Designación de volumen o secuencia 52
700 1# - ENTRADA AGREGADA--NOMBRE PERSONAL
Nombre de persona Sito, N.
9 (RLIN) 106708
700 1# - ENTRADA AGREGADA--NOMBRE PERSONAL
Nombre de persona Accinelli, M.
9 (RLIN) 18206
830 0# - PUNTO DE ACCESO ADICIONAL DE SERIE-TÍTULO UNIFORME
Título uniforme Paidós studio ;
Designación de volumen o secuencia 52
9 (RLIN) 178141
852 ## - LOCALIZACIÓN
Ubicación ES-MaACL
Número de control de estantería L-10891
Sublocalización o colección R.111758
Existencias
Estatus retirado Estado de pérdida Estado de daño No para préstamo Biblioteca de origen Biblioteca actual Ubicación en estantería Fecha de adquisición Fuente de adquisición Total de préstamos Signatura topográfica completa Código de barras Visto por última vez Precio de reemplazo Tipo de ítem Koha
        Biblioteca del Ateneo de Madrid Biblioteca del Ateneo de Madrid Depósito 2 17/01/2008     L-10891 1024271 23/02/2023 23/02/2023 Libro impreso